Substantive in "Fuchs du hast die Gans gestohlen" - Statistiken

Allgemein
  • Dieses Quiz wurde 251 mal gespielt
  • Das Durchschnittsergebnis liegt bei 5 aus 11
Antwortstatistiken
Wörter % Korrekt
Fuchs
99%
Gans
99%
Jäger
88%
Schießgewehr
82%
Flinte
16%
Dieb
15%
Schrot
14%
Maus
12%
Tinte
12%
Gänsebraten
11%
Füchslein
10%
Keine übereinstimmenden Quizze gefunden
Verteilung der Resultate
Anzahl Personen mit jedem Resultat
Perzentil nach korrekt beantworteten Fragen
Ihre Resultats-Entwicklung
Sie haben dieses Quiz noch nicht gespielt